000 00752nam a2200241 i 4500
001 52687
003 ES-MaACL
005 20250914111859.0
007 t|
008 030902s1984 sp ||||1| spa d
080 _a1(04)
100 1 _aDeaño, Alfredo.
_943106
245 1 3 _aEl resto no es silencio
_b: escritos filosóficos /
_cAlfredo Deaño ; edición al cuidado de Jesús Hernández y Javier Muguerza.
260 _a[Madrid] :
_bTaurus,
_c[1984]
300 _a536 p. ;
_c21 cm.
490 1 _aEnsayistas
650 0 7 _aFilosofía
_2embne
_912802
700 1 _aHernández, Jesús,
_d1907-1971
_9138623
700 1 _aMuguerza, Javier.
_984074
830 0 _aEnsayistas
_9177257
852 _aES-MaACL
_jL-7140
_bR.107714
999 _c52687
_d52687